000 00621nam a2200205 i 4500
001 105786
003 ES-MaACL
005 20230906183955.0
007 t|
008 060829s1951 ag ||||1| spa d
080 _a821.134.2(7/8).09
100 1 _aTorres-Rioseco, Arturo.
_9111009
245 1 3 _aLa gran literatura iberoamericana /
_cArturo Torres-Ríoseco.
250 _a2ª ed.
260 _aBuenos Aires :
_bEmecé,
_c1951.
300 _a321 p. ;
_c20 cm.
500 _aBiblioteca Juan Andrade.
650 1 4 _aLiteratura hispanoamericana-
_xHistoria y crítica.
_914606
852 _aES-MaACL
_jAND-590
_bR.109888
999 _c105786
_d105786